TH-SOF-1828-Design and Analysis of Multi-DoF MEMS Gyroscope for Inertial Navigation using SOI-MUMPs Fabrication Process (Record no. 579068)

000 -LEADER
fixed length control field 00426nam a22001217a 4500
082 ## - DEWEY DECIMAL CLASSIFICATION NUMBER
Classification number 200 THE
100 ## - MAIN ENTRY--PERSONAL NAME
Personal name Adnan Shujah
9 (RLIN) 73263
245 ## - TITLE STATEMENT
Title TH-SOF-1828-Design and Analysis of Multi-DoF MEMS Gyroscope for Inertial Navigation using SOI-MUMPs Fabrication Process
260 ## - PUBLICATION, DISTRIBUTION, ETC.
Place of publication, distribution, etc. ISLAMABAD
Name of publisher, distributor, etc. NUST COLLEGE OF EME
Date of publication, distribution, etc. 2020
650 ## - SUBJECT ADDED ENTRY--TOPICAL TERM
Topical term or geographic name entry element MS-MTS-17
9 (RLIN) 73203
700 ## - ADDED ENTRY--PERSONAL NAME
Personal name Supervisor Dr. Muhammad Mubasher Saleem
9 (RLIN) 69665
942 ## - ADDED ENTRY ELEMENTS (KOHA)
Koha item type Computer Files
Source of classification or shelving scheme
Holdings
Withdrawn status Lost status Source of classification or shelving scheme Damaged status Not for loan Permanent Location Current Location Shelving location Date acquired Full call number Barcode Date last seen Price effective from Koha item type
          College of Electrical & Mechanical Engineering (CEME) College of Electrical & Mechanical Engineering (CEME) Reference 04/09/2021 200 THE TH-SOF-1828 06/28/2021 06/28/2021 Computer Files
© 2023 Central Library, National University of Sciences and Technology. All Rights Reserved.